000 00461nam a2200181 i 4500
001 bg
100 1 _aDUDA, Roman.
245 0 _aWprowadzenie do topologii.
_nCz. 1,
_pTopologia ogólna /
_cR. Duda.
260 _aWarszawa,
_c1986.
490 1 _aBiblioteka Matematyczna
650 9 _aTopologia
830 _aBiblioteka Matematyczna
040 _cBPK
041 _apol
080 _a515.1(075.8)
942 _cKS
008 s pl f |000 0 pol
999 _c23258
_d23258
856 _uhttp://koha.tu.koszalin.pl/cgi-bin/koha/opac-detail.pl?biblionumber=23258
_yKatalog online BPK